<?xml version="1.0" encoding="UTF-8"?>
<collection xmlns="http://www.loc.gov/MARC21/slim">
 <record>
  <leader>00660pamaa2200181   4500</leader>
  <controlfield tag="001">0000049995</controlfield>
  <controlfield tag="005">20120321090000.0</controlfield>
  <controlfield tag="008">120321                             eng  </controlfield>
  <datafield tag="022" ind1="0" ind2="0">
   <subfield code="a">07424795</subfield>
  </datafield>
  <datafield tag="245" ind1="0" ind2="0">
   <subfield code="a">Journal of Engineering For Gas Turbines and Power : </subfield>
   <subfield code="b">vol. 132, no. 7-9,  2010.</subfield>
  </datafield>
  <datafield tag="260" ind1="0" ind2="0">
   <subfield code="a">New York, N.Y.: </subfield>
   <subfield code="b">American Society of Mechanical Engineers, </subfield>
   <subfield code="c">1984-.</subfield>
  </datafield>
  <datafield tag="300" ind1=" " ind2=" ">
   <subfield code="a">v.: </subfield>
   <subfield code="b">ill.; </subfield>
   <subfield code="c">29 cm.</subfield>
  </datafield>
  <datafield tag="440" ind1="0" ind2="0">
   <subfield code="a">Transactions of the ASME</subfield>
  </datafield>
  <datafield tag="650" ind1="0" ind2="0">
   <subfield code="a">Mechanical engineering -- </subfield>
   <subfield code="x">Periodicals </subfield>
  </datafield>
  <datafield tag="650" ind1="0" ind2="0">
   <subfield code="a">Gas-turbines -- </subfield>
   <subfield code="x">Periodicals </subfield>
  </datafield>
  <datafield tag="650" ind1="0" ind2="0">
   <subfield code="a">Power (Mechanics) -- </subfield>
   <subfield code="x">Periodicals </subfield>
  </datafield>
  <datafield tag="710" ind1="1" ind2="2">
   <subfield code="a">American Society of Mechanical Engineers </subfield>
  </datafield>
  <datafield tag="901" ind1=" " ind2=" ">
   <subfield code="u">www.asmedl.org</subfield>
  </datafield>
 </record>
</collection>
